Manzanas robadas : (Record no. 181329)

MARC details
000 -LEADER
campo de control de longitud fija 00876nam a2200241 i 4500
001 - NÚMERO DE CONTROL
campo de control 181329
003 - IDENTIFICADOR DE NÚMERO DE CONTROL
campo de control ES-MaACL
005 - FECHA Y HORA DE LA ÚLTIMA TRANSACCIÓN
campo de control 20250911062854.0
008 - DATOS DE LONGITUD FIJA--INFORMACIÓN GENERAL
campo de control de longitud fija 121210s2011 sp | |||||||| | spa d
020 ## - NÚMERO INTERNACIONAL ESTÁNDAR DEL LIBRO
Número Internacional Estándar del Libro 978-84-9895-775-4
080 ## - NÚMERO DE LA CLASIFICACIÓN DECIMAL UNIVERSAL
Número de la Clasificación Decimal Universal 821.161.1-14"19"
100 1# - ENTRADA PRINCIPAL--NOMBRE DE PERSONA
Nombre de persona Evtushenko, Evgueniï Aleksandrovich.
9 (RLIN) 48409
245 10 - MENCIÓN DEL TÍTULO
Título Manzanas robadas :
Resto del título antología /
Mención de responsabilidad, etc. Yevgeny Yevtushenko ; traducción de Javier Campos ; prólogo de Luis García Montero.
260 ## - PUBLICACIÓN, DISTRIBUCIÓN, ETC.
Lugar de publicación, distribución, etc. Madrid :
Nombre del editor, distribuidor, etc. Visor Libros,
Fecha de publicación, distribución, etc. D.L. 2011.
300 ## - DESCRIPCIÓN FÍSICA
Extensión 140 p. ;
Dimensiones 20 cm.
490 1# - MENCIÓN DE SERIE
Mención de serie Colección Visor de poesía ;
Designación de volumen o secuencia v. 775
700 1# - ENTRADA AGREGADA--NOMBRE PERSONAL
Nombre de persona Campos, Javier.
9 (RLIN) 151944
700 1# - ENTRADA AGREGADA--NOMBRE PERSONAL
Nombre de persona García Montero, Luis,
Fechas asociadas al nombre 1958-
9 (RLIN) 54978
830 0# - PUNTO DE ACCESO ADICIONAL DE SERIE-TÍTULO UNIFORME
Título uniforme Colección Visor de poesía
Designación de volumen o secuencia v. 775
9 (RLIN) 177331
852 ## - LOCALIZACIÓN
Ubicación ES-MaACL
Número de control de estantería A-12391
itemnumber 188213
Sublocalización o colección R.1466734
Ubicación en estantería Depósito 1
Signatura antigua Olim: N-5396
942 ## - ELEMENTOS DE ENTRADA SECUNDARIOS (KOHA)
Fuente del sistema de clasificación o colocación Clasificación decimal universal
Tipo de ítem Koha Libro impreso
Holdings
Estatus retirado Estado de pérdida Fuente del sistema de clasificación o colocación Estado de daño No para préstamo Biblioteca de origen Biblioteca actual Ubicación en estantería Fecha de adquisición Fuente de adquisición Total de préstamos Signatura topográfica completa Código de barras Visto por última vez Precio de reemplazo Tipo de ítem Koha
    Clasificación decimal universal     Biblioteca del Ateneo de Madrid Biblioteca del Ateneo de Madrid Depósito 1 10/12/2012 Compra   A-12391 1190552 23/02/2023 23/02/2023 Libro impreso